000 00589nam a22001932 4500
001 0000012219
005 20151217155851.0
008 090217s xx 000 0 eng d
040 _aKABU
_cKABU
100 1 _aDelap-Hilton, Emilie.
_@0000168477
245 1 0 _aSnips without snaps of Kenya (without prejudice) /
_cEmilie Delap-Hilton.
250 _a1st ed.
260 _aLondon :
_bStockwell,
_c[?]
300 _a83 p.
651 0 _aKenya
_xDescription and travel.
_@0000150938
852 1 _9p200 KES
908 _a090217
950 _@1
999 _c13492
_d13492